Implementing public policy : (Record no. 41160)
[ view plain ]
| 000 -LEADER | |
|---|---|
| fixed length control field | 00995nam a2200313 a 4500 |
| 001 - CONTROL NUMBER | |
| control field | 41160 |
| 003 - CONTROL NUMBER IDENTIFIER | |
| rucl marc code | BD-RjUL |
| 005 - DATE AND TIME OF LATEST TRANSACTION | |
| control field | 20211209053336.0 |
| 008 - FIXED-LENGTH DATA ELEMENTS--GENERAL INFORMATION | |
| fixed length control field | 160516s2002 enk 001 0 eng |
| 020 ## - INTERNATIONAL STANDARD BOOK NUMBER | |
| International Standard Book Number | 0761966285 |
| International Standard Book Number | 0761966293 (pbk) |
| 035 ## - SYSTEM CONTROL NUMBER | |
| System control number | (BD-RjUL) 41276 |
| 040 ## - CATALOGING SOURCE | |
| Original cataloging agency | UKM |
| Transcribing agency | UKM |
| Modifying agency | CUS |
| -- | DLC |
| -- | (BD-RjUL) |
| Language of cataloging | eng |
| 041 ## - LANGUAGE CODE | |
| Language code of text/sound track or separate title | eng |
| 082 00 - DEWEY DECIMAL CLASSIFICATION NUMBER | |
| Classification number | 320.6 |
| Edition number | 23 |
| Author mark and year | HII 2005 |
| 100 1# - MAIN ENTRY--PERSONAL NAME | |
| Personal name | Hill, Michael J. |
| Fuller form of name | (Michael James), |
| Dates associated with a name | 1937- |
| 9 (RLIN) | 126605 |
| 245 10 - TITLE STATEMENT | |
| Title | Implementing public policy : |
| Remainder of title | governance in theory and practice / |
| Statement of responsibility, etc. | Michael Hill and Peter Hupe |
| 260 ## - PUBLICATION, DISTRIBUTION, ETC. (IMPRINT) | |
| Place of publication, distribution, etc. | London : |
| Name of publisher, distributor, etc. | Sage, |
| Date of publication, distribution, etc. | 2002 |
| 300 ## - PHYSICAL DESCRIPTION | |
| Pagination | xii, 231 p. ; |
| Size | 24 cm. |
| 490 ## - SERIES STATEMENT | |
| Series statement | Sage politics texts |
| 504 ## - BIBLIOGRAPHY, ETC. NOTE | |
| Bibliography, etc | Includes bibliographic references and index. |
| 650 #0 - SUBJECT ADDED ENTRY--TOPICAL TERM | |
| Topical term or geographic name as entry element | Policy sciences. |
| 9 (RLIN) | 126606 |
| Topical term or geographic name as entry element | Political planning. |
| 9 (RLIN) | 126607 |
| Topical term or geographic name as entry element | Public administration. |
| 9 (RLIN) | 117250 |
| 700 1# - ADDED ENTRY--PERSONAL NAME | |
| Personal name | Hupe, Peter L. |
| 830 ## - SERIES ADDED ENTRY--UNIFORM TITLE | |
| Uniform title | Sage politics texts |
| 942 ## - ADDED ENTRY ELEMENTS (KOHA) | |
| Source of classification or shelving scheme | Dewey Decimal Classification |
| Koha item type | Books |
| Lost status | Source of classification or shelving scheme | Damaged status | Not for loan | Collection code | Permanent Location | Current Location | Shelving location | Date acquired | Source of acquisition | Cost, normal purchase price | Total Checkouts | Full call number | Date last seen | Copy number | Koha item type |
|---|---|---|---|---|---|---|---|---|---|---|---|---|---|---|---|
| Dewey Decimal Classification | Non-fiction | Central Library, University of Rajshahi | Central Library, University of Rajshahi | 29/07/2007 | Paragon Enterprise Lit., Dhaka | 20.99 | 320.6 HII 2005 | 16/05/2016 | C-2 | Books | |||||
| Dewey Decimal Classification | Not For Loan | Non-fiction | Central Library, University of Rajshahi | Central Library, University of Rajshahi | Reading Room | 09/08/2007 | Paragon Enterprises Ltd. | 20.99 | 320.6 HII 2005 | 18/12/2016 | C-1 | Books |